[Event "Marienbad Open 2022 - A1 GM Round Robin"]
[Site "Continental hotel, Marianske Lazne"]
[Date "2022.01.18"]
[Round "5"]
[Board "4"]
[White "Lim, Zhuo Ren"]
[Black "Mirzoev, Azer"]
[Result "0-1"]
[WhiteElo "2311"]
[BlackElo "2432"]
[PlyCount "94"]
[EventDate "2022.01.15"]
[EventRounds "9"]
[EventCountry "CZE"]

1. Nf3 d5 2. g3 c6 3. c4 Nf6 4. Bg2 g6 5. b3 Bg7 6. Bb2 O-O 7. O-O Nbd7 8. d4
Ne4 9. Nc3 Nxc3 10. Bxc3 Nf6 11. Rc1 Ne4 12. cxd5 cxd5 13. e3 Bf5 14. Qe2 Qd6
15. Bb2 Rfc8 16. Nd2 Nxd2 17. Qxd2 h5 18. Qa5 e6 19. Ba3 Qb6 20. Qd2 Qa6 21.
Bb4 Qd3 22. Qxd3 Bxd3 23. Rfd1 Bc2 24. Re1 b6 25. Bf1 a5 26. Bd6 Rc3 27. Ba3
Bf8 28. Bb2 Rcc8 29. Re2 Be4 30. Ree1 Bb4 31. Rxc8+ Rxc8 32. Rc1 Rxc1 33. Bxc1
Bb1 34. a3 Bc3 35. Bb5 Bc2 36. Ba4 g5 37. f3 g4 38. Kf2 Bd1 39. f4 Kf8 40. Kg2
Ke7 41. f5 exf5 42. Kf2 Ke6 43. Kf1 f4 44. gxf4 h4 45. Kf2 h3 46. Bb5 f5 47.
Ba6 Bxb3  0-1

[Event "Marienbad Open 2022 - A1 GM Round Robin"]
[Site "Continental hotel, Marianske Lazne"]
[Date "2022.01.18"]
[Round "5"]
[Board "5"]
[White "Plat, Vojtech"]
[Black "Nemec, Jachym"]
[Result "1-0"]
[WhiteElo "2548"]
[BlackElo "2402"]
[PlyCount "55"]
[EventDate "2022.01.15"]
[EventRounds "9"]
[EventCountry "CZE"]

1. b4 Nf6 2. Bb2 g6 3. e4 d6 4. c4 Bg7 5. Nf3 O-O 6. d3 e5 7. Be2 Nbd7 8. O-O
b6 9. Nc3 Bb7 10. Ne1 Re8 11. Nc2 Nf8 12. b5 Ne6 13. a4 a5 14. g3 Nd7 15. Nd5
f5 16. exf5 gxf5 17. Nce3 f4 18. Nf5 Rf8 19. Bg4 Ndc5 20. Nxg7 Nxg7 21. d4 Bxd5
22. cxd5 exd4 23. Qxd4 Qg5 24. Be6+ Ncxe6 25. dxe6 Nxe6 26. Qh8+ Kf7 27. Qxh7+
Ng7 28. Rac1  1-0

[Event "Marienbad Open 2022 - A1 GM Round Robin"]
[Site "Continental hotel, Marianske Lazne"]
[Date "2022.01.19"]
[Round "6"]
[Board "1"]
[White "Noe, Christopher"]
[Black "Nemec, Jachym"]
[Result "1-0"]
[WhiteElo "2530"]
[BlackElo "2402"]
[PlyCount "85"]
[EventDate "2022.01.15"]
[EventRounds "9"]
[EventCountry "CZE"]

1. d4 d5 2. c4 c6 3. Nc3 Nf6 4. e3 e6 5. Nf3 Nbd7 6. Bd3 dxc4 7. Bxc4 b5 8. Be2
Bb7 9. O-O a6 10. e4 c5 11. d5 e5 12. Qc2 Bd6 13. a4 b4 14. Nd1 a5 15. Ne3 O-O
16. Bb5 Qc7 17. Nc4 Ba6 18. Bxa6 Rxa6 19. Be3 Rc8 20. Rac1 Ne8 21. Qe2 Raa8 22.
Rc2 Bf8 23. Rfc1 g6 24. Nfd2 Nd6 25. Nxd6 Bxd6 26. Nc4 Bf8 27. Qd3 Rab8 28. b3
Bd6 29. h3 f6 30. Qd1 Bf8 31. Qg4 Ra8 32. Qe6+ Kg7 33. h4 Re8 34. Qh3 Ra6 35.
h5 Kg8 36. g3 g5 37. Qf5 Raa8 38. Nb2 Rac8 39. Nc4 Ra8 40. Kh1 Bh6 41. Nb2 Bf8
42. Nd3 Rac8 43. Bxc5  1-0

[Event "Marienbad Open 2022 - A1 GM Round Robin"]
[Site "Continental hotel, Marianske Lazne"]
[Date "2022.01.19"]
[Round "6"]
[Board "3"]
[White "Stalmach, Richard"]
[Black "Lim, Zhuo Ren"]
[Result "1-0"]
[WhiteElo "2308"]
[BlackElo "2311"]
[PlyCount "73"]
[EventDate "2022.01.15"]
[EventRounds "9"]
[EventCountry "CZE"]

1. d4 Nf6 2. c4 e6 3. Nc3 Bb4 4. f3 c5 5. d5 O-O 6. e4 b5 7. Nge2 d6 8. Nf4 e5
9. Nfe2 Nh5 10. h4 bxc4 11. g4 Nf4 12. Nxf4 exf4 13. Bxf4 Qf6 14. Qd2 Ba6 15.
g5 Qe7 16. a3 Ba5 17. h5 f5 18. O-O-O fxe4 19. Re1 Rxf4 20. Qxf4 Nd7 21. Rxe4
Ne5 22. Qe3 Bxc3 23. Qxc3 Qxg5+ 24. f4 Qh6 25. Qe3 Nd7 26. Re7 Nf8 27. Rg1 g6
28. Bh3 Bc8 29. Re8 Bxh3 30. Rxa8 Bf5 31. Rxa7 c3 32. bxc3 Bd7 33. hxg6 hxg6
34. Rxd7 Nxd7 35. Qe6+ Kh8 36. Qxd7 Qxf4+ 37. Kb1  1-0

[Event "Marienbad Open 2022 - A1 GM Round Robin"]
[Site "Continental hotel, Marianske Lazne"]
[Date "2022.01.19"]
[Round "6"]
[Board "4"]
[White "Baenziger, Fabian"]
[Black "Gungl, Theo"]
[Result "1/2-1/2"]
[WhiteElo "2408"]
[BlackElo "2368"]
[PlyCount "51"]
[EventDate "2022.01.15"]
[EventRounds "9"]
[EventCountry "CZE"]

1. d4 d5 2. c4 c6 3. Nc3 Nf6 4. Nf3 e6 5. Qd3 Nbd7 6. g3 b6 7. Bg2 Bb7 8. O-O
Be7 9. Rd1 O-O 10. b3 c5 11. cxd5 Nxd5 12. Nxd5 Bxd5 13. e4 Bb7 14. Bb2 cxd4
15. Qxd4 Nf6 16. Qe3 Qe8 17. Ne5 Rd8 18. Bd4 Nd7 19. Nxd7 Qxd7 20. Bf3 Qc7 21.
Rac1 Qb8 22. Qc3 Rc8 23. Qb2 Rxc1 24. Rxc1 f6 25. Qe2 Rc8 26. Rxc8+  1/2-1/2

[Event "Marienbad Open 2022 - A1 GM Round Robin"]
[Site "Continental hotel, Marianske Lazne"]
[Date "2022.01.19"]
[Round "6"]
[Board "5"]
[White "Simacek, Pavel"]
[Black "Czerw, Dawid"]
[Result "1/2-1/2"]
[WhiteElo "2440"]
[BlackElo "2396"]
[PlyCount "207"]
[EventDate "2022.01.15"]
[EventRounds "9"]
[EventCountry "CZE"]

1. e4 c5 2. Nf3 Nf6 3. e5 Nd5 4. c3 Nc6 5. d4 cxd4 6. cxd4 d6 7. Bc4 dxe5 8.
dxe5 Ndb4 9. Qxd8+ Nxd8 10. Na3 Ndc6 11. Nb5 Nc2+ 12. Ke2 Bg4 13. Nc7+ Kd8 14.
Nxa8 Nxa1 15. e6 Nc2 16. Kd3 N2b4+ 17. Kc3 Bxe6 18. Bxe6 fxe6 19. Ng5 Kd7 20.
Kc4 Nd5 21. Re1 Nd8 22. Be3 h6 23. Ne4 Nxe3+ 24. fxe3 Kc8 25. Nc5 g5 26. Kb5
Bg7 27. Rc1 Nc6 28. Nc7 Bxb2 29. Rc2 Kxc7 30. Rxb2 Nd8 31. Rd2 a6+ 32. Kc4 Kc6
33. a4 Rf8 34. Kb4 a5+ 35. Kc4 Rf5 36. Nb3 Rd5 37. Rb2 Kc7 38. e4 Re5 39. Re2
g4 40. Nd4 Nf7 41. Nb5+ Kd7 42. Kd4 Rh5 43. g3 Ne5 44. Rc2 Nf3+ 45. Ke3 Rxh2
46. Rc7+ Ke8 47. Rxb7 h5 48. Ra7 Ne5 49. Nd4 Kf7 50. Ra6 Nc4+ 51. Kd3 Nb2+ 52.
Ke3 h4 53. gxh4 Rxh4 54. Nxe6 Rh6 55. Ng5+ Kg7 56. Ne6+ Kg8 57. Kf4 g3 58. Kxg3
Nxa4 59. Kf4 Kf7 60. Ng5+ Kg7 61. Rxa5 Nb6 62. Ra7 Kf6 63. e5+ Kg6 64. Kg4 Nd5
65. Ra6+ Kg7 66. Ne6+ Kf7 67. Nd8+ Kg7 68. Ne6+ Kf7 69. Ng5+ Kg7 70. Ra5 Nc7
71. Ra7 Nd5 72. Rd7 Ne3+ 73. Kf4 Ng2+ 74. Ke4 Kg6 75. Ne6 Kf7 76. Ng5+ Kg6 77.
Nf3 Kf7 78. Rd2 Rg6 79. Nd4 Nh4 80. Rf2+ Ke8 81. Rf4 Ng2 82. Rf3 Rg4+ 83. Kd5
Nf4+ 84. Kc5 Kd7 85. Nf5 Ke6 86. Ne3 Rh4 87. Nc2 Kxe5 88. Re3+ Kf6 89. Nd4 Rh5+
90. Kc6 e5 91. Nf3 Ng6 92. Kd6 Rf5 93. Nd2 Rf4 94. Ne4+ Kf5 95. Ng3+ Kg4 96.
Ne2 Ra4 97. Kd5 Kf5 98. Kd6 Ra6+ 99. Kc5 Ra5+ 100. Kd6 e4 101. Nc3 Ra6+ 102.
Kc5 Ra5+ 103. Kb4 Re5 104. Rxe4  1/2-1/2

[Event "Marienbad Open 2022 - A1 GM Round Robin"]
[Site "Continental hotel, Marianske Lazne"]
[Date "2022.01.20"]
[Round "7"]
[Board "1"]
[White "Czerw, Dawid"]
[Black "Noe, Christopher"]
[Result "0-1"]
[WhiteElo "2396"]
[BlackElo "2530"]
[PlyCount "64"]
[EventDate "2022.01.15"]
[EventRounds "9"]
[EventCountry "CZE"]

1. d4 Nf6 2. c4 e6 3. g3 c5 4. Nf3 cxd4 5. Nxd4 Qb6 6. Bg2 Bc5 7. e3 Nc6 8. Nb3
Bb4+ 9. Bd2 Ne5 10. Qc2 d5 11. cxd5 Qa6 12. Nc1 Bxd2+ 13. Nxd2 Nxd5 14. Bf1 Qb6
15. Ncb3 Bd7 16. Qc5 Qxc5 17. Nxc5 Bc6 18. e4 Nb4 19. Ke2 O-O-O 20. a3 Bb5+ 21.
Kd1 Nf3 22. Ncb3 Ba4 23. Ke2 Rxd2+ 24. Kxf3 Bxb3 25. axb4 Kb8 26. Be2 Rhd8 27.
Ke3 Rxb2 28. Rhb1 Rdd2 29. Rxb2 Rxb2 30. f4 Bc2 31. b5 Bxe4 32. Rd1 Bd5  0-1

[Event "Marienbad Open 2022 - A1 GM Round Robin"]
[Site "Continental hotel, Marianske Lazne"]
[Date "2022.01.20"]
[Round "7"]
[Board "2"]
[White "Gungl, Theo"]
[Black "Simacek, Pavel"]
[Result "0-1"]
[WhiteElo "2368"]
[BlackElo "2440"]
[PlyCount "80"]
[EventDate "2022.01.15"]
[EventRounds "9"]
[EventCountry "CZE"]

1. d4 d5 2. c4 e6 3. Nc3 c6 4. e4 dxe4 5. Nxe4 Bb4+ 6. Bd2 Qxd4 7. Bxb4 Qxe4+
8. Be2 Na6 9. Ba5 b6 10. Qd6 Bd7 11. Bc3 f6 12. Nf3 Ne7 13. O-O-O Qxe2 14.
Qxd7+ Kf7 15. Qd4 Rhd8 16. Qg4 Kf8 17. Rde1 Qd3 18. Qxe6 Qd7 19. Nd4 c5 20. Nb5
Nc7 21. Nxc7 Qxc7 22. Bxf6 Re8 23. Be5 Qc8 24. Qd6 Qg4 25. Re3 Rad8 26. Bxg7+
Qxg7 27. Qe6 Qg5 28. h4 Qf4 29. g3 Qd6 30. Qg4 Ng6 31. Rxe8+ Rxe8 32. h5 Ne5
33. Qf5+ Kg8 34. Rd1 Qe6 35. Qg5+ Kh8 36. b3 Nf7 37. Qf4 Qe5 38. Qxf7 Qa1+ 39.
Kd2 Qb2+ 40. Kd3 Qd4+  0-1

[Event "Marienbad Open 2022 - A1 GM Round Robin"]
[Site "Continental hotel, Marianske Lazne"]
[Date "2022.01.20"]
[Round "7"]
[Board "3"]
[White "Lim, Zhuo Ren"]
[Black "Baenziger, Fabian"]
[Result "1/2-1/2"]
[WhiteElo "2311"]
[BlackElo "2408"]
[PlyCount "46"]
[EventDate "2022.01.15"]
[EventRounds "9"]
[EventCountry "CZE"]

1. d4 d5 2. c4 c6 3. Nf3 Nf6 4. g3 Bg4 5. Ne5 Bf5 6. Bg2 e6 7. O-O Nbd7 8. Nxd7
Qxd7 9. Nc3 Be7 10. Qb3 O-O 11. Bf4 Rac8 12. a4 Bg6 13. Bh3 Rfd8 14. c5 Nh5 15.
Bd2 b6 16. cxb6 axb6 17. a5 bxa5 18. Rxa5 c5 19. Rfa1 Nf6 20. Ra7 Qe8 21. Be3
Bf8 22. Rb7 cxd4 23. Bxd4 Rc4  1/2-1/2

[Event "Marienbad Open 2022 - A1 GM Round Robin"]
[Site "Continental hotel, Marianske Lazne"]
[Date "2022.01.20"]
[Round "7"]
[Board "4"]
[White "Plat, Vojtech"]
[Black "Stalmach, Richard"]
[Result "1-0"]
[WhiteElo "2548"]
[BlackElo "2308"]
[PlyCount "161"]
[EventDate "2022.01.15"]
[EventRounds "9"]
[EventCountry "CZE"]

1. d4 Nf6 2. Nf3 d5 3. e3 c6 4. c4 e6 5. Nbd2 Nbd7 6. Bd3 Bd6 7. O-O O-O 8. e4
e5 9. exd5 cxd5 10. cxd5 exd4 11. Ne4 Nxe4 12. Bxe4 Nf6 13. Bg5 Be7 14. Bxf6
Bxf6 15. Qd3 g6 16. Nxd4 Qb6 17. Nb5 Bd7 18. Na3 Rac8 19. Rab1 Rfe8 20. d6 Bd4
21. Rbd1 Bxb2 22. Nc4 Qb4 23. Bd5 b5 24. Nxb2 Qxb2 25. Qf3 Qg7 26. Bb3 a5 27.
Qb7 Rcd8 28. h3 Qf6 29. Bd5 Re5 30. Qc7 Be6 31. Bxe6 Rxe6 32. d7 Qe7 33. Rd5 b4
34. Rfd1 a4 35. Rb5 Kg7 36. Kf1 Rxd7 37. Qxd7 Re1+ 38. Rxe1 Qxd7 39. Rxb4 Qd3+
40. Kg1 Qd2 41. Rbb1 a3 42. Ra1 Qb2 43. h4 h5 44. g3 Kh7 45. Reb1 Qf6 46. Rc1
Qb2 47. Re1 Kg7 48. Kf1 Kf6 49. Kg2 Qb7+ 50. Kg1 Qb2 51. Reb1 Qd4 52. Re1 Qb2
53. Rab1 Qxa2 54. Rb6+ Kf5 55. Rb5+ Kf6 56. Ra5 Qd2 57. Ra6+ Kf5 58. Re3 g5 59.
Rexa3 gxh4 60. R3a5+ Kg4 61. Ra4+ Kg5 62. gxh4+ Kf5 63. Rc4 Qd5 64. Rac6 Qd1+
65. Kg2 Qd5+ 66. Kg3 Qe5+ 67. Kh3 Qe2 68. Kg2 Qd2 69. R6c5+ Ke6 70. Re4+ Kf6
71. Rxh5 Qc3 72. Rf4+ Kg6 73. Rg5+ Kh6 74. Rgf5 Qc6+ 75. Kh2 Qc2 76. Rxf7 Qd2
77. R4f6+ Kh5 78. Rh7+ Kg4 79. Rg7+ Kxh4 80. Rg3 Kh5 81. Rf8  1-0

[Event "Marienbad Open 2022 - A1 GM Round Robin"]
[Site "Continental hotel, Marianske Lazne"]
[Date "2022.01.20"]
[Round "7"]
[Board "5"]
[White "Nemec, Jachym"]
[Black "Mirzoev, Azer"]
[Result "0-1"]
[WhiteElo "2402"]
[BlackElo "2432"]
[PlyCount "108"]
[EventDate "2022.01.15"]
[EventRounds "9"]
[EventCountry "CZE"]

1. d4 d5 2. c4 c6 3. Nf3 Nf6 4. Qc2 g6 5. Bf4 Bg7 6. e3 O-O 7. Nc3 Be6 8. c5
Bf5 9. Bd3 Bxd3 10. Qxd3 b6 11. cxb6 axb6 12. O-O Na6 13. Ne5 c5 14. dxc5 bxc5
15. Rfd1 e6 16. h3 Qb6 17. Qe2 Qb7 18. Rac1 Rfc8 19. b3 Nb4 20. a4 h5 21. Nb5
Qa6 22. Bh2 Ne4 23. Nd7 Qb7 24. Ne5 Qe7 25. f3 Nf6 26. Bg3 Ne8 27. Nd3 c4 28.
bxc4 dxc4 29. Ne1 c3 30. Nd6 Rd8 31. Nb5 Qc5 32. Bf2 Rxd1 33. Rxd1 c2 34. Rc1
Bb2 35. e4 Qc8 36. Rxc2 Nxc2 37. Nxc2 Rxa4 38. Qd2 Be5 39. Nbd4 Ra2 40. Qd3 Nd6
41. g3 Qc4 42. Qxc4 Nxc4 43. Kf1 Na3 44. Nxa3 Rxa3 45. Nc6 Bd6 46. Kg2 Ra6 47.
Nd4 Ra2 48. Nb3 Rb2 49. Nc1 Bc7 50. g4 Bb6 51. Nd3 Rd2 52. Kg3 h4+ 53. Kg2 g5
54. e5 Kh7  0-1

[Event "Marienbad Open 2022 - A1 GM Round Robin"]
[Site "Continental hotel, Marianske Lazne"]
[Date "2022.01.21"]
[Round "8"]
[Board "1"]
[White "Noe, Christopher"]
[Black "Mirzoev, Azer"]
[Result "0-1"]
[WhiteElo "2530"]
[BlackElo "2432"]
[PlyCount "58"]
[EventDate "2022.01.15"]
[EventRounds "9"]
[EventCountry "CZE"]

1. Nf3 d5 2. e3 Nf6 3. c4 e6 4. Nc3 Be7 5. d4 O-O 6. b3 b6 7. Bd3 Bb7 8. O-O c5
9. Bb2 Nc6 10. cxd5 Nxd5 11. Qb1 Nf6 12. dxc5 Bxc5 13. Rd1 Qe7 14. Ng5 h6 15.
Nge4 Nxe4 16. Nxe4 Rfd8 17. Nxc5 Qxc5 18. Bh7+ Kh8 19. Be4 Qe7 20. Qc2 Na5 21.
Rxd8+ Rxd8 22. Rc1 Bxe4 23. Qxe4 Nb7 24. g3 f6 25. Qc6 e5 26. Qa4 Rd2 27. Qxa7
Rxb2 28. Qb8+ Kh7 29. b4 Qd7  0-1

[Event "Marienbad Open 2022 - A1 GM Round Robin"]
[Site "Continental hotel, Marianske Lazne"]
[Date "2022.01.21"]
[Round "8"]
[Board "2"]
[White "Stalmach, Richard"]
[Black "Nemec, Jachym"]
[Result "0-1"]
[WhiteElo "2308"]
[BlackElo "2402"]
[PlyCount "78"]
[EventDate "2022.01.15"]
[EventRounds "9"]
[EventCountry "CZE"]

1. d4 Nf6 2. c4 g6 3. Nf3 Bg7 4. Nc3 d5 5. Qb3 dxc4 6. Qxc4 O-O 7. e4 Bg4 8.
Be2 Nc6 9. d5 Bxf3 10. gxf3 Na5 11. Qb4 c6 12. dxc6 Nxc6 13. Qxb7 Nd4 14. Bd1
Qd6 15. Nd5 Nxd5 16. Qxd5 Qa6 17. Be3 Rfd8 18. Qg5 h6 19. Qg3 Nc2+ 20. Bxc2
Bxb2 21. Rd1 Bc3+ 22. Rd2 Bxd2+ 23. Bxd2 Qxa2 24. Bxh6 Qxc2 25. O-O Qb2 26. Bf4
Qg7 27. Be5 Qh6 28. f4 a5 29. Ra1 Qh5 30. Kg2 Qe2 31. Qh3 Qxe4+ 32. f3 Qe2+ 33.
Kg3 f6 34. Qh6 Qc2 35. Re1 Rd2 36. Qh3 fxe5 37. Rxe5 Ra7 38. Rb5 Rad7 39. Rb6
R2d6  0-1

[Event "Marienbad Open 2022 - A1 GM Round Robin"]
[Site "Continental hotel, Marianske Lazne"]
[Date "2022.01.21"]
[Round "8"]
[Board "3"]
[White "Baenziger, Fabian"]
[Black "Plat, Vojtech"]
[Result "1-0"]
[WhiteElo "2408"]
[BlackElo "2548"]
[PlyCount "81"]
[EventDate "2022.01.15"]
[EventRounds "9"]
[EventCountry "CZE"]

1. d4 g6 2. c4 Nf6 3. Nc3 d5 4. Nf3 Bg7 5. Bg5 Ne4 6. Bf4 Nxc3 7. bxc3 c5 8. e3
Nc6 9. cxd5 Qxd5 10. Be2 cxd4 11. cxd4 O-O 12. O-O Qa5 13. Nd2 Be6 14. Nb3 Bxb3
15. Qxb3 Qd2 16. Qd1 Qxd1 17. Rfxd1 e5 18. dxe5 Nxe5 19. Rab1 b6 20. e4 Rac8
21. Rbc1 h6 22. Be3 g5 23. g3 g4 24. Kg2 h5 25. h3 Rfe8 26. hxg4 Nxg4 27. Bf4
Rxc1 28. Rxc1 Be5 29. Bxe5 Rxe5 30. f3 Nh6 31. Rc7 Ra5 32. Bc4 Kf8 33. Bb3 Ra3
34. Kh3 a5 35. Kh4 a4 36. Ra7 b5 37. f4 Ng4 38. e5 Ne3 39. Bxf7 Nf5+ 40. Kg5
Nxg3 41. Bg6  1-0

[Event "Marienbad Open 2022 - A1 GM Round Robin"]
[Site "Continental hotel, Marianske Lazne"]
[Date "2022.01.21"]
[Round "8"]
[Board "4"]
[White "Simacek, Pavel"]
[Black "Lim, Zhuo Ren"]
[Result "1-0"]
[WhiteElo "2440"]
[BlackElo "2311"]
[PlyCount "79"]
[EventDate "2022.01.15"]
[EventRounds "9"]
[EventCountry "CZE"]

1. e4 c5 2. Nf3 d6 3. d4 cxd4 4. Qxd4 Nc6 5. Bb5 Bd7 6. Qd3 Nf6 7. c4 e6 8. Nc3
a6 9. Bxc6 Bxc6 10. O-O Be7 11. Bf4 O-O 12. Rfd1 Qa5 13. a3 Rfd8 14. b4 Qh5 15.
h3 Qg6 16. Nh4 Qh5 17. Nf3 Qg6 18. Re1 Nh5 19. Bh2 Bf6 20. Rad1 Bxc3 21. Qxc3
Bxe4 22. Bxd6 Bc6 23. g4 f6 24. Qe3 e5 25. Nh4 Qg5 26. Qxg5 fxg5 27. Nf5 Nf4
28. Ne7+ Kf7 29. Nxc6 bxc6 30. Rxe5 Nxh3+ 31. Kf1 Rd7 32. c5 Re8 33. Rde1 Rxe5
34. Rxe5 g6 35. Re4 h5 36. Kg2 hxg4 37. Kg3 Kf6 38. Re8 Rf7 39. Be5+ Kf5 40.
Bh8  1-0

[Event "Marienbad Open 2022 - A1 GM Round Robin"]
[Site "Continental hotel, Marianske Lazne"]
[Date "2022.01.21"]
[Round "8"]
[Board "5"]
[White "Czerw, Dawid"]
[Black "Gungl, Theo"]
[Result "1/2-1/2"]
[WhiteElo "2396"]
[BlackElo "2368"]
[PlyCount "86"]
[EventDate "2022.01.15"]
[EventRounds "9"]
[EventCountry "CZE"]

1. e4 c5 2. Nf3 d6 3. d4 cxd4 4. Nxd4 Nf6 5. Nc3 a6 6. f3 e6 7. Be3 b5 8. Qd2
Bb7 9. g4 Nfd7 10. O-O-O Nb6 11. e5 b4 12. Ne4 Nd5 13. Nxd6+ Bxd6 14. exd6 Qxd6
15. Bc4 O-O 16. Nf5 exf5 17. Bxd5 Qxd5 18. Qxd5 Bxd5 19. Rxd5 fxg4 20. Bc5 Re8
21. Bxb4 Nc6 22. Bc3 gxf3 23. Rf1 Re2 24. h3 Rc8 25. a3 f2 26. Kd1 Re3 27. Rd3
Rd8 28. Rxd8+ Nxd8 29. Rxf2 Rxh3 30. Rf5 h5 31. Ra5 Ne6 32. Rxa6 h4 33. a4 Rh1+
34. Ke2 h3 35. Kf2 Nf4 36. Ra8+ Kh7 37. Re8 Rf1+ 38. Kg3 Rg1+ 39. Kh2 Rg2+ 40.
Kh1 Ne2 41. Re3 Rg1+ 42. Kh2 Rg2+ 43. Kh1 Rg1+  1/2-1/2

[Event "Marienbad Open 2022 - A1 GM Round Robin"]
[Site "Continental hotel, Marianske Lazne"]
[Date "2022.01.22"]
[Round "9"]
[Board "1"]
[White "Gungl, Theo"]
[Black "Noe, Christopher"]
[Result "1/2-1/2"]
[WhiteElo "2368"]
[BlackElo "2530"]
[PlyCount "21"]
[EventDate "2022.01.15"]
[EventRounds "9"]
[EventCountry "CZE"]

1. d4 Nf6 2. c4 e6 3. Nc3 Bb4 4. e3 O-O 5. Bd2 d6 6. a3 Bxc3 7. Bxc3 Ne4 8. Qc2
Nxc3 9. Qxc3 Qf6 10. Bd3 e5 11. Ne2  1/2-1/2

[Event "Marienbad Open 2022 - A1 GM Round Robin"]
[Site "Continental hotel, Marianske Lazne"]
[Date "2022.01.22"]
[Round "9"]
[Board "2"]
[White "Lim, Zhuo Ren"]
[Black "Czerw, Dawid"]
[Result "1/2-1/2"]
[WhiteElo "2311"]
[BlackElo "2396"]
[PlyCount "95"]
[EventDate "2022.01.15"]
[EventRounds "9"]
[EventCountry "CZE"]

1. c4 e6 2. Nf3 d5 3. d4 Nf6 4. g3 dxc4 5. Bg2 Bd7 6. Ne5 Bc6 7. Nxc6 Nxc6 8.
e3 Qd7 9. O-O O-O-O 10. Nd2 e5 11. Nxc4 exd4 12. Qb3 Nd5 13. Rd1 Bc5 14. Bd2
Qe6 15. Na5 Nxa5 16. Bxa5 Bb6 17. Bxb6 Nxb6 18. Qxe6+ fxe6 19. exd4 Rd6 20. Bh3
Kd7 21. Rd2 c6 22. Re1 Nd5 23. f4 g6 24. Kf2 Rf8 25. Re5 Rf6 26. Bg2 Ne7 27.
Ke3 Rf8 28. Ke4 Nd5 29. h4 Ke7 30. Kd3 Nc7 31. a4 Rfd8 32. Kc3 Na8 33. Ra5 a6
34. h5 Nb6 35. hxg6 hxg6 36. b3 Rh8 37. Rg5 Kf6 38. Re2 Nc8 39. Kc4 Rhd8 40.
Rd2 Ne7 41. Be4 Nf5 42. Bxf5 exf5 43. a5 Re8 44. g4 Re4 45. gxf5 gxf5 46. Rh5
Rd5 47. Rh6+ Kg7 48. Rh4  1/2-1/2

[Event "Marienbad Open 2022 - A1 GM Round Robin"]
[Site "Continental hotel, Marianske Lazne"]
[Date "2022.01.22"]
[Round "9"]
[Board "4"]
[White "Nemec, Jachym"]
[Black "Baenziger, Fabian"]
[Result "1/2-1/2"]
[WhiteElo "2402"]
[BlackElo "2408"]
[PlyCount "37"]
[EventDate "2022.01.15"]
[EventRounds "9"]
[EventCountry "CZE"]

1. d4 d5 2. c4 c6 3. Nf3 Nf6 4. e3 Bf5 5. Nc3 e6 6. Bd3 Bxd3 7. Qxd3 Nbd7 8.
O-O Bb4 9. b3 O-O 10. Bb2 Re8 11. Rfd1 a6 12. Rac1 Qe7 13. Rc2 Rad8 14. Qe2 h6
15. h3 Ba3 16. Ba1 Bb4 17. Bb2 Ba3 18. Ba1 Bb4 19. Bb2  1/2-1/2

[Event "Marienbad Open 2022 - A1 GM Round Robin"]
[Site "Continental hotel, Marianske Lazne"]
[Date "2022.01.22"]
[Round "9"]
[Board "5"]
[White "Mirzoev, Azer"]
[Black "Stalmach, Richard"]
[Result "1-0"]
[WhiteElo "2432"]
[BlackElo "2308"]
[PlyCount "111"]
[EventDate "2022.01.15"]
[EventRounds "9"]
[EventCountry "CZE"]

1. d4 Nf6 2. Nf3 g6 3. Nbd2 Bg7 4. e4 d6 5. c3 O-O 6. Be2 c5 7. O-O Nc6 8. Re1
a6 9. h3 b5 10. Bf1 Nd7 11. d5 Nce5 12. a4 Rb8 13. Nxe5 Nxe5 14. f4 Nd7 15. Nf3
Qc7 16. Kh1 e5 17. dxe6 fxe6 18. axb5 axb5 19. Ng5 Nf6 20. Bd3 c4 21. Bc2 Nh5
22. e5 dxe5 23. fxe5 Bxe5 24. Be3 Bb7 25. Qg4 Rbe8 26. Nxh7 Ng3+ 27. Kg1 Qc6
28. Qxg6+ Kh8 29. Be4 Qxe4 30. Qxe4 Nxe4 31. Nxf8 Rxf8 32. Rf1 Rg8 33. Ra7 Bd5
34. Rff7 Nf6 35. g4 Be4 36. Rfe7 Bd5 37. g5 Bb8 38. Ra5 Bd6 39. Rf7 Ne4 40. h4
e5 41. Rf1 Ng3 42. Rd1 Ne2+ 43. Kf2 Rf8+ 44. Kxe2 Bf3+ 45. Ke1 Bxd1 46. Kxd1
Rf1+ 47. Ke2 Rh1 48. Bf2 b4 49. cxb4 Rb1 50. Ra2 Bxb4 51. Kf3 Bd2 52. Bg3 Bf4
53. Bxf4 Rf1+ 54. Kg4 exf4 55. Ra3 Rf2 56. Rc3  1-0

[Event "Marienbad Open 2022 - A2 GM Round Robin"]
[Site "Continental hotel, Marianske Lazne"]
[Date "2022.01.15"]
[Round "1"]
[Board "1"]
[White "Wachinger, Nikolas"]
[Black "Lalith, Babu"]
[Result "1/2-1/2"]
[WhiteElo "2360"]
[BlackElo "2548"]
[PlyCount "85"]
[EventDate "2022.01.15"]
[EventRounds "9"]
[EventCountry "CZE"]

1. e4 c6 2. Nf3 d5 3. Nc3 Nf6 4. e5 Ne4 5. Ne2 Qb6 6. d4 e6 7. Ng3 c5 8. Bd3
Nxg3 9. fxg3 Nc6 10. O-O h6 11. c3 Bd7 12. Kh1 cxd4 13. cxd4 g5 14. h3 Be7 15.
a3 Na5 16. b4 Nc4 17. Qe2 Rg8 18. g4 a5 19. Be3 Rc8 20. Rfc1 Nxe3 21. Rxc8+
Bxc8 22. Qxe3 axb4 23. Rb1 Kf8 24. axb4 Kg7 25. b5 Bd7 26. Bc2 Qc7 27. Qd3 Rh8
28. Nd2 b6 29. Nf1 Qc4 30. Ng3 Qxd3 31. Nh5+ Kf8 32. Bxd3 Ke8 33. Ra1 Kd8 34.
Ra7 Bb4 35. Nf6 Bc8 36. Kg1 Bc3 37. Ra4 Ba5 38. Kf2 Bd7 39. Ra2 Ke7 40. Ke3 Rc8
41. Rf2 Be8 42. Nxe8 Rxe8 43. Rc2  1/2-1/2

[Event "Marienbad Open 2022 - A2 GM Round Robin"]
[Site "Continental hotel, Marianske Lazne"]
[Date "2022.01.15"]
[Round "1"]
[Board "2"]
[White "Finek, Vaclav"]
[Black "Kusa, Jakub"]
[Result "1/2-1/2"]
[WhiteElo "2425"]
[BlackElo "2297"]
[PlyCount "83"]
[EventDate "2022.01.15"]
[EventRounds "9"]
[EventCountry "CZE"]

1. d4 Nf6 2. c4 e6 3. Nf3 d5 4. g3 dxc4 5. Qa4+ Bd7 6. Qxc4 c5 7. dxc5 Nc6 8.
Nc3 Rc8 9. Bg2 Qa5 10. O-O Qxc5 11. Qd3 Be7 12. Bg5 Rd8 13. Bxf6 gxf6 14. Rac1
O-O 15. Qb1 Qa5 16. Rfd1 Bc8 17. e3 Rxd1+ 18. Rxd1 Rd8 19. Nd4 Bd7 20. Nxc6
bxc6 21. Qc2 Be8 22. Rxd8 Qxd8 23. b3 c5 24. h4 f5 25. Nb1 Qa5 26. Nd2 Bb5 27.
Kh2 Qa6 28. a4 Bd3 29. Qc3 Be2 30. Bf3 Qd3 31. Qb2 Bf6 32. Qxf6 Qxd2 33. Bxe2
Qxe2 34. Kg2 Qd1 35. Qc3 Qd5+ 36. Kh2 Qf3 37. Qc2 Qd5 38. Kg1 Kg7 39. Qc3+ Kg8
40. Qc2 Kg7 41. Qc3+ Kg8 42. Qc2  1/2-1/2

[Event "Marienbad Open 2022 - A2 GM Round Robin"]
[Site "Continental hotel, Marianske Lazne"]
[Date "2022.01.15"]
[Round "1"]
[Board "3"]
[White "Ghazarian, Kirk"]
[Black "Braeuer, Franz"]
[Result "1-0"]
[WhiteElo "2379"]
[BlackElo "2435"]
[PlyCount "71"]
[EventDate "2022.01.15"]
[EventRounds "9"]
[EventCountry "CZE"]

1. c4 e6 2. g3 Nf6 3. Bg2 d5 4. Nf3 Be7 5. O-O O-O 6. d4 c6 7. Qc2 b6 8. Bf4
Bb7 9. Rd1 Nbd7 10. cxd5 Nxd5 11. Nc3 Rc8 12. Ne5 N7f6 13. Bg5 h6 14. Bxf6 Bxf6
15. Ne4 Be7 16. Qa4 Qc7 17. Rac1 Rfd8 18. a3 a5 19. Qb3 Qb8 20. Qf3 Nf6 21. g4
Rd5 22. Nc3 Rdd8 23. h4 Bd6 24. g5 hxg5 25. hxg5 Bxe5 26. dxe5 Nd7 27. g6 fxg6
28. Qg3 Nxe5 29. Bh3 Rxd1+ 30. Rxd1 Re8 31. Ne4 Nf7 32. Qxg6 Kf8 33. Bxe6 Qf4
34. e3 Qf3 35. Rd7 Re7 36. Ng5  1-0

[Event "Marienbad Open 2022 - A2 GM Round Robin"]
[Site "Continental hotel, Marianske Lazne"]
[Date "2022.01.15"]
[Round "1"]
[Board "4"]
[White "Sorm, Daniel"]
[Black "Malinovsky, Karel"]
[Result "1/2-1/2"]
[WhiteElo "2345"]
[BlackElo "2473"]
[PlyCount "47"]
[EventDate "2022.01.15"]
[EventRounds "9"]
[EventCountry "CZE"]

1. c4 e6 2. d4 d5 3. Nc3 Be7 4. e3 Nf6 5. cxd5 exd5 6. Bd3 O-O 7. Nge2 b6 8.
O-O Ba6 9. Bxa6 Nxa6 10. Qa4 Qc8 11. Nf4 Rd8 12. Rd1 c5 13. dxc5 Nxc5 14. Qb5
Qb7 15. Qe2 Ne6 16. Nxe6 fxe6 17. b3 a6 18. Bb2 Rac8 19. Rac1 b5 20. Nb1 Rxc1
21. Rxc1 Rc8 22. Qd1 Rc6 23. Nd2 Qc7 24. Rxc6  1/2-1/2